000 00819cam a22002531 4500
001 sa 63003348
003 DLC
005 20260227111941.0
008 840410s1961 ii abcj b f000 0 eng
010 _asa 63003348
025 _aPL480:I-E-1270
035 _a(OCoLC)10613841
040 _aDLC
_cCU
_dOCoLC
_dDLC
042 _apremarc
043 _aa-ii---
050 0 0 _aDS478
_b.M64
100 1 _aMisra, Anand Swarup,
_d1908-
245 1 0 _aNana Saheb Peshwa and the fight for freedom.
_cWith a foreword by Sampurnanand.
260 _aLucknow,
_bInformation Dept., Uttar Pradesh,
_c1961.
300 _axxviii, 636 p.
_billus., ports. (1 col.) maps, geneal. tables.
_c30 cm.
504 _aBibliography: p. [592]-600.
600 0 0 _aNana Sahib,
_d1820?-1859?
651 0 _aIndia
_xHistory
_ySepoy Rebellion, 1857-1858.
999 _c55034
_d55034